Historia y Juicio Crítico de la diálisis considerada como procedimiento analítico (Record no. 164265)

MARC details
000 -LEADER
campo de control de longitud fija 01198nam a2200205 i 4500
001 - NÚMERO DE CONTROL
campo de control 164265
003 - IDENTIFICADOR DE NÚMERO DE CONTROL
campo de control ES-MaACL
005 - FECHA Y HORA DE LA ÚLTIMA TRANSACCIÓN
campo de control 20230906212914.0
008 - DATOS DE LONGITUD FIJA--INFORMACIÓN GENERAL
campo de control de longitud fija 981002s1871 sp |||| | spa d
040 ## - FUENTE DE CATALOGACIÓN
Centro catalogador/agencia de origen AS
Lengua de catalogación spa
Centro/agencia transcriptor CCPB | 3D
100 1# - ENTRADA PRINCIPAL--NOMBRE DE PERSONA
Nombre de persona Sáenz Díez, Manuel.
9 (RLIN) 101327
245 10 - MENCIÓN DEL TÍTULO
Título Historia y Juicio Crítico de la diálisis considerada como procedimiento analítico
Resto del título : Memoria presentada a la Academia Médico-quirúrgica matritense, aspirando al premio ofrecido por el socio D. Félix Borrell ... /
Mención de responsabilidad, etc. [Presentada por Manuel Saenz Diez].
260 ## - PUBLICACIÓN, DISTRIBUCIÓN, ETC.
Lugar de publicación, distribución, etc. Madrid :
Nombre del editor, distribuidor, etc. [s.n.],
Fecha de publicación, distribución, etc. 1871 (
Fabricante Imp. de José M. Ducozcal)
300 ## - DESCRIPCIÓN FÍSICA
Extensión 139 p. ;
Dimensiones 21 cm.
530 ## - NOTA DISPONIBLE DE FORMULARIO FÍSICO ADICIONAL
Nota de formato físico adicional disponible Disponible en formato digital.
650 #4 - PUNTO DE ACCESO ADICIONAL DE MATERIA--TÉRMINO DE MATERIA
Término de materia o nombre geográfico como elemento de entrada Diálisis.
9 (RLIN) 160084
710 0# - ENTRADA AGREGADA--NOMBRE DE ENTIDAD CORPORATIVA
Nombre de entidad corporativa o nombre de jurisdicción como elemento de entrada Academia Médico-Quirúrgica Matritense.
9 (RLIN) 1210
852 ## - LOCALIZACIÓN
Ubicación ES-MaACL
Número de control de estantería T-423-F-7
Nota libre -- Enc. hol.
-- -- Sello de Los Escolares Médicos, Madrid
-- -- Dedic. ms. del autor a la biblioteca de Los Escolares Medicos
-- -- Enc. en un vol. facticio
Encuadernación -- Edic.: El pie de imp. consta: Madbid [sic] : [s.n.], 1871 (Imprenta de José M. Ducazcal) -- Autor firma el texto
856 ## - LOCALIZACIÓN Y ACCESO ELECTRÓNICOS
Identificador Uniforme de Recursos <a href="http://bdh-rd.bne.es/viewer.vm?id=0000048398&page=1 ">http://bdh-rd.bne.es/viewer.vm?id=0000048398&page=1 </a>
Nota pública Biblioteca Digital Hispánica
Holdings
Estatus retirado Estado de pérdida Estado de daño No para préstamo Colección Biblioteca de origen Biblioteca actual Ubicación en estantería Fecha de adquisición Total de préstamos Signatura topográfica completa Código de barras Visto por última vez Precio de reemplazo Tipo de ítem Koha
        Colección de folletos Biblioteca del Ateneo de Madrid Biblioteca del Ateneo de Madrid Depósito folletos 17/01/2008   T-423-F-7 1172175 23/02/2023 23/02/2023 Folleto